000 00381nam a2200133Ia 4500
008 220204s9999 xx 000 0 und d
020 _a817638383X
082 _a908.541.9
_bVIJ
100 _aVijayan Madappally, C K
245 0 _aAndaman nicobarinte charithram (Malayalam)
260 _aTrivandrum
_bKerala Bhasha Institute
_c2003
650 _aAndaman Nicobar Island
942 _cBK
999 _c42465
_d42465